| 000 | 01387cam a2200325 a 4500 | ||
|---|---|---|---|
| 001 | 4750964 | ||
| 005 | 20020824180109.0 | ||
| 008 | 850613m19869999enka | b 001 0 eng d | ||
| 010 | _a85014962 | ||
| 020 | _a0521308518 (v. 1 : hardback) | ||
| 020 | _a052131349X (v. 1 : pbk.) | ||
| 020 | _a0521440157 (v. 2 : hardback) | ||
| 020 | _a052144585X (v. 2 : pbk.) | ||
| 040 |
_aDLC _cDLC _dDLC |
||
| 050 | 0 | 0 |
_aHN8 _b.M28 1986 |
| 082 | 0 | 0 |
_a303.3 _219 _bMAN |
| 100 | 1 |
_aMann, Michael, _d1942- _915554 |
|
| 245 | 1 | 4 |
_aThe Sources of Social Power / _cMichael Mann. |
| 260 |
_aCambridge : _bCambridge University Press, _c1986. |
||
| 300 |
_av. <1-2 > : _bill. ; _c24 cm. |
||
| 504 | _aIncludes bibliographies and indexes. | ||
| 505 | 1 | _av. 1. A history of power from the beginning to A.D. 1760 -- v. 2. The rise of classes and nation-states, 1760-1914 | |
| 541 | _aBacca ; | ||
| 650 | 0 |
_aSocial history. _915555 |
|
| 650 | 0 |
_aPower (Social sciences) _915556 |
|
| 856 | 4 | 2 |
_3Publisher description _uhttp://www.loc.gov/catdir/description/cam023/85014962.html |
| 856 | 4 | 1 |
_3Table of contents _uhttp://www.loc.gov/catdir/toc/cam025/85014962.html |
| 942 |
_2ddc _cBB |
||
| 999 |
_c14306 _d14306 |
||